The Dilemma of a ghost (Record no. 92440)
[ view plain ]
| 000 -LEADER | |
|---|---|
| fixed length control field | 00474nam a2200217Ia 4500 |
| 003 - CONTROL NUMBER IDENTIFIER | |
| control field | 0100 |
| 008 - FIXED-LENGTH DATA ELEMENTS--GENERAL INFORMATION | |
| fixed length control field | 130307s9999 xx 000 0 und d |
| 020 ## - INTERNATIONAL STANDARD BOOK NUMBER | |
| International Standard Book Number | 0582002443 |
| 040 ## - CATALOGING SOURCE | |
| Transcribing agency | ARRUPELIB |
| 050 ## - LIBRARY OF CONGRESS CALL NUMBER | |
| Classification number | PR9379.9.A4D5 1987 |
| 300 ## - PHYSICAL DESCRIPTION | |
| Other physical details | 20cm. |
| 100 ## - MAIN ENTRY--PERSONAL NAME | |
| Personal name | Aidoo, Ama Ata |
| 245 #4 - TITLE STATEMENT | |
| Title | The Dilemma of a ghost |
| 245 ## - TITLE STATEMENT | |
| Remainder of title | anowa |
| 260 ## - PUBLICATION, DISTRIBUTION, ETC. (IMPRINT) | |
| Place of publication, distribution, etc | Essex |
| 260 ## - PUBLICATION, DISTRIBUTION, ETC. (IMPRINT) | |
| Name of publisher, distributor, etc | Longman |
| 260 ## - PUBLICATION, DISTRIBUTION, ETC. (IMPRINT) | |
| Date of publication, distribution, etc | 1987 |
| 300 ## - PHYSICAL DESCRIPTION | |
| Extent | 120p. |
| 440 ## - SERIES STATEMENT/ADDED ENTRY--TITLE | |
| Title | Longman African Classic |
| 942 00 - ADDED ENTRY ELEMENTS (KOHA) | |
| Koha issues (borrowed), all copies | 1 |
| Withdrawn status | Lost status | Source of classification or shelving scheme | Damaged status | Not for loan | Collection code | Home library | Current library | Shelving location | Date acquired | Total Checkouts | Full call number | Barcode | Date last seen | Date checked out | Copy number | Price effective from | Koha item type |
|---|---|---|---|---|---|---|---|---|---|---|---|---|---|---|---|---|---|
| Library of Congress Classification | Main Collection | ARRUPE LIBRARY | ARRUPE LIBRARY | 07/03/2013 | 1 | PR9379.9.A4D5 1987 | 46003063703 | 02/09/2013 | 16/08/2013 | 1 | 07/03/2013 | Monograph ( Printed materials) |